| 000 | 02790cam a2200397Ii 4500 | ||
|---|---|---|---|
| 999 |
_c27210 _d27210 |
||
| 006 | m d | ||
| 007 | cr ||||||||||| | ||
| 008 | 200820s2021 enka o 000 0 eng d | ||
| 020 |
_a9781000202786 _qelectronic publication |
||
| 020 |
_a100020278X _qelectronic publication |
||
| 020 |
_a9781000202649 _qelectronic book |
||
| 020 |
_a100020264X _qelectronic book |
||
| 020 |
_a9781000202717 _qMobipocket electronic book |
||
| 020 |
_a1000202712 _qMobipocket electronic book |
||
| 020 |
_a9781003046943 _qelectronic book |
||
| 020 |
_a1003046940 _qelectronic book |
||
| 020 | _qhardcover | ||
| 020 | _qpaperback | ||
| 040 |
_aOCoLC-P _beng _erda _epn |
||
| 072 | 7 |
_aLAW _x066000 _2bisacsh |
|
| 072 | 7 |
_aLBDM _2bicssc |
|
| 082 | 0 | 4 |
_a343.41096 _223 |
| 130 | 0 | _aSouthampton on shipping law. | |
| 245 | 1 | 0 | _aMaritime law. |
| 250 |
_aFifth edition / _bedited by Yvonne Baatz. |
||
| 260 |
_aLondon _bTaylor & Francis Group _c2020 |
||
| 300 |
_a1 online resource : _billustrations (black and white). |
||
| 490 | 1 | _aMaritime and transport law library | |
| 520 | _aNow in its fifth edition, this authoritative guide covers all of the core aspects of maritime law in one distinct volume. Maritime Law is written by a team of leading academics and practitioners, each expert in their own field. Together, they provide clear, concise and fully up-to-date coverage of topics ranging from bills of lading to arrest of ships, all written in an accessible and engaging style. As English law is heavily relied on throughout the maritime world, this book is grounded in English law whilst continuing to analyse the key international conventions currently in force. Brand new coverage includes: The impact of the European Union (Withdrawal Agreement) Act 2020 which amends the European Union (Withdrawal) Act 2018. Over one hundred new cases from the English courts, the Court of Justice of the European Union and the International Tribunal for the Law of the Sea. Changes to the Merchant Shipping (Registration of Ships) Regulations 1993, including the Merchant Shipping (Registration of Ships) (Amendment) (EU exit) Regulations 2019. Discussion of the Incoterms 2020 which are available for incorporation into sale contracts from 1 January 2020. Updates on litigation and amendments to the Admiralty Civil Procedure Rules. This book is a comprehensive reference source for students, academics and legal practitioners worldwide, especially those new to maritime law or a particular field therein. | ||
| 650 | 0 |
_aMaritime law _zGreat Britain. |
|
| 650 | 7 |
_aLAW / Maritime _2bisacsh |
|
| 700 | 1 |
_aBaatz, Yvonne, _eeditor. |
|
| 856 | 4 | 0 | _uhttps://www.taylorfrancis.com/books/9781003046943 |
| 856 | 4 | 2 | _uhttp://www.oclc.org/content/dam/oclc/forms/terms/vbrl-201703.pdf |
| 942 | _cEBK | ||